<?xml version="1.0" encoding="UTF-8"?>
<collection xmlns="http://www.loc.gov/MARC21/slim">
 <record>
  <leader>01700nam  2200337#c 4500</leader>
  <controlfield tag="001">UMA-15880</controlfield>
  <controlfield tag="003">UMA</controlfield>
  <controlfield tag="005">20230415    193847</controlfield>
  <controlfield tag="008">150203suuuu####ar###########||||#0#spa#d</controlfield>
  <datafield tag="336" ind1=" " ind2=" ">
   <subfield code="a">texto</subfield>
  </datafield>
  <datafield tag="337" ind1=" " ind2=" ">
   <subfield code="a">no mediado</subfield>
  </datafield>
  <datafield tag="338" ind1=" " ind2=" ">
   <subfield code="a">volumen</subfield>
  </datafield>
  <datafield tag="901" ind1=" " ind2=" ">
   <subfield code="a">DVD2371</subfield>
  </datafield>
  <datafield tag="080" ind1=" " ind2=" ">
   <subfield code="a">791.43</subfield>
  </datafield>
  <datafield tag="092" ind1=" " ind2=" ">
   <subfield code="a">SEDE CENTRAL DVD2371</subfield>
  </datafield>
  <datafield tag="245" ind1=" " ind2=" ">
   <subfield code="a">Historias mínimas</subfield>
   <subfield code="b">(2002)</subfield>
  </datafield>
  <datafield tag="100" ind1=" " ind2=" ">
   <subfield code="a">Sorín</subfield>
   <subfield code="b">Carlos</subfield>
  </datafield>
  <datafield tag="650" ind1=" " ind2=" ">
   <subfield code="a">Películas</subfield>
  </datafield>
  <datafield tag="650" ind1=" " ind2=" ">
   <subfield code="a">Cinematografía</subfield>
  </datafield>
  <datafield tag="650" ind1=" " ind2=" ">
   <subfield code="a">Films</subfield>
  </datafield>
  <datafield tag="650" ind1=" " ind2=" ">
   <subfield code="a">Materiales audiovisuales</subfield>
  </datafield>
  <datafield tag="650" ind1=" " ind2=" ">
   <subfield code="a">DVD</subfield>
  </datafield>
  <datafield tag="650" ind1=" " ind2=" ">
   <subfield code="a">Cine</subfield>
  </datafield>
  <datafield tag="650" ind1=" " ind2=" ">
   <subfield code="a">Filmoteca</subfield>
  </datafield>
  <datafield tag="650" ind1=" " ind2=" ">
   <subfield code="a">Guión I</subfield>
  </datafield>
  <datafield tag="650" ind1=" " ind2=" ">
   <subfield code="a">Biblioteca Central</subfield>
  </datafield>
  <datafield tag="041" ind1=" " ind2=" ">
   <subfield code="a">spa</subfield>
  </datafield>
  <datafield tag="044" ind1=" " ind2=" ">
   <subfield code="a">ar#</subfield>
  </datafield>
  <datafield tag="500" ind1=" " ind2=" ">
   <subfield code="a">Argumento: Varios personajes recorren las carreteras de la Patagonia. Don Justo es un comerciante retirado, que recibe noticias de la aparición de su perro (el 'Malacara'), el cual \&quot;se fue\&quot; hace 3 años. Su idea de recobrarlo pone a prueba la relación con su hijo. Roberto es un comerciante que lleva como obsequio una torta con forma de pelota de fútbol para celebrar el cumpleaños del pequeño Rene, hijo de una ex clienta. Su intención es impresionarla e intentar formar una pareja con ella, pero por el camino comienza a dudar de si René es varón o mujer, y decide redecorarla en una forma neutral. El tercer personaje es María Flores, mujer humilde que acaba de recibir un mensaje para participar en un programa-concurso de televisión. La historia que Carlos Sorín cuenta es una historia de pequeños detalles, de cosas pequeñas de la vida, que en esta película parecen más pequeñas aún frente al inmenso paisaje de la Patagonia.</subfield>
  </datafield>
  <datafield tag="300" ind1=" " ind2=" ">
   <subfield code="a">DVD (Película)</subfield>
  </datafield>
  <datafield tag="260" ind1=" " ind2=" ">
   <subfield code="a">Argentina</subfield>
   <subfield code="c">2002</subfield>
  </datafield>
 </record>
</collection>
